00712nas a2200277 4500000000100000008004100001260001300042653001300055653002100068653003400089653001100123653001000134653001200144653002300156653001700179100001500196700001700211700001700228700001500245245005200260856005900312300001000371490000700381050003200388022001400420 1999 d c1999 Dec10aCrowding10aHealth Promotion10aHealth Services Accessibility10aHumans10aIndia10aleprosy10aPopulation Density10aUrban Health1 aGanapati R1 aRevankar C R1 aBulchand H O1 aKingsley S00aThe Dharavi story--saga of LECs over 2 decades. uhttp://leprev.ilsl.br/pdfs/1999/v70n4/pdf/v70n4a16.pdf a495-70 v70 aInfolep Library - available a0305-7518